00869nam a22002171 450000100060000000300080000600500170001400800410003103500190007203500190009104000500011004100080016008200240016810000270019224502510021926000840047030000270055465000150058165000220059665000330061835480BD-RjUL20211209052329.0140525s1909 enkad 001 0 eng c a(BD-RjUL)35574 a(OCoLC)4902754 aHarvard Univ. LibrarycNNRdDLCdBD-RjULbeng aeng a304.64072bHAT 19091 aHardy, George Francis.04aThe theory of the construction of tables of mortality and of similar statistical tables in use by the actuary :bA course of lectures /cby George Francis Hardy delivered at the Institute of Actuaries, Stable Inn Hall, during the session, 1904-5. aLondon :bPublished for the Institute of Actuaries, by C. and E. Layton,c1909. a141 p.bill. ;c23 cm. 0aMortality. 0aVital statistics. 0aLife insurancexMathematics.